=LDR 00000nam 2200000 4500 =001 INLIS000000000013233 =005 20200812083816 =035 ##$$a 0010-061300000013233 =008 200812################g##########0#ind## =041 ##$$a Ind =082 ##$$a 2x3.541 09 =090 ##$$a 2x9.8, Mur t =100 ##$$a Murad, Musthofa =245 1#$$a Tiga puluh nama penghuni surga /$c Musthofa Murad ; penerjemah: Faturrahman =260 ##$$a Bandung :$b Amzah,$c 2003 =300 ##$$a 144 hlm ; $c 22 x 15 cm =850 ##$$a NBPNMAT =020 ##$$a 979-9392-24-1 =084 ##$$a 2x3.541 09 MUR t =650 #4$$a islam =990 ##$$a 20402342 =990 ##$$a 20404496 =990 ##$$a 20402341 =990 ##$$a 20404496 =990 ##$$a 20402342 =990 ##$$a 20402341